header

Out of touch (Record no. 4538)

MARC details
000 -LEADER
fixed length control field 01279nam a2200325Ia 4500
082 04 - DEWEY DECIMAL CLASSIFICATION NUMBER
Classification number 306.874
100 1# - MAIN ENTRY--AUTHOR NAME
Personal name Greif, Geoffrey L.
245 10 - TITLE STATEMENT
Title Out of touch
260 ## - PUBLICATION, DISTRIBUTION, ETC. (IMPRINT)
Place of publication New York :
Name of publisher Oxford University Press,
Year of publication 1997.
300 ## - PHYSICAL DESCRIPTION
Number of Pages viii, 240 p.
650 #0 - SUBJECT ADDED ENTRY--TOPICAL TERM
Topical Term Children of divorced parents
Topical Term Children of divorced parents.
Topical Term Divorce
856 40 - ELECTRONIC LOCATION AND ACCESS
Uniform Resource Identifier http://site.ebrary.com/lib/rucke/Doc?id=10279498

No items available.

© 2026 Rongo University
Contact us: librarian | system librarian | Rongo university